'Asset-light' (Record no. 78968)
[ view plain ]
| 000 -LEADER | |
|---|---|
| fixed length control field | 01081cab a22001935a 4500 |
| 001 - CONTROL NUMBER | |
| control field | L138713 |
| 008 - FIXED-LENGTH DATA ELEMENTS--GENERAL INFORMATION | |
| fixed length control field | 070704s2007 xxk f 000 0 eng d |
| 035 ## - SYSTEM CONTROL NUMBER | |
| System control number | (Sirsi) u138713 |
| 041 0# - LANGUAGE CODE | |
| Language code of text/sound track or separate title | eng |
| 100 1# - MAIN ENTRY--PERSONAL NAME | |
| Personal name | Page, Thomas |
| 245 00 - TITLE STATEMENT | |
| Title | 'Asset-light' |
| Remainder of title | managing or leasing? |
| 260 ## - PUBLICATION, DISTRIBUTION, ETC. | |
| Date of publication, distribution, etc. | 2007 |
| 490 ## - SERIES STATEMENT | |
| Series statement | Journal of Retail and Leisure Property |
| Volume/sequential designation | 6(2) April 2007, 97-99(3) |
| 520 ## - SUMMARY, ETC. | |
| Summary, etc. | Examines factors to be considered by hotel operators when disposing of them as real estate assets but keeping them within their stable of brands. This is done by sale and manage-back, an emerging trend. Hotels are now recognised as an asset class, and there is also a high level of supply for other commercial property. Keeping property this way has the advantage of reducing exposure to profit fluctuations and eliminating rental costs. Lease-back still holds advantages however, if the agreement is structured to avoid risk. |
| 590 ## - LOCAL NOTE (RLIN) | |
| Local note | KA |
| 651 #4 - SUBJECT ADDED ENTRY--GEOGRAPHIC NAME | |
| Geographic name | United Kingdom |
| Chronological subdivision | |
| 690 ## - LOCAL SUBJECT ADDED ENTRY--TOPICAL TERM (OCLC, RLIN) | |
| Topical term or geographic name as entry element | PROPERTY-COMMERCIAL PROPERTY-LEISURE PROPERTY-HOLIDAY AND GUEST PROPERTY-HOTEL PROPERTY |
| 942 ## - ADDED ENTRY ELEMENTS (KOHA) | |
| Suppress in OPAC | 0 |
| Withdrawn status | Lost status | Source of classification or shelving scheme | Damaged status | Not for loan | Home library | Current library | Shelving location | Date acquired | Total Checkouts | Full call number | Barcode | Date last seen | Copy number | Price effective from | Koha item type |
|---|---|---|---|---|---|---|---|---|---|---|---|---|---|---|---|
| Dewey Decimal Classification | London | London | Journal article | 04/07/2007 | L138713 | 138713-1001 | 06/08/2019 | 1 | 06/08/2019 | Journal article |